Statystyki dla Państwa Jugosławii

Kliknij tutaj aby rozwiązać quiz!

Ogólne statystyki

  • Ten quiz został rozwiązany 87 razy
  • Średni wynik to 7 z 7

Statystyki odpowiedzi

stolicakraj% Poprawnych
ZagrzebChorwacja
100%
PrisztinaKosowo
99%
BelgradSerbia
97%
LublanaSłowenia
97%
PodgoricaCzarnogóra
96%
SarajewoBośnia
95%
SkopjeMacedonia
93%

Rozkład punktacji

Percentyl według liczby udzielonych odpowiedzi

Procent ludzi z każdym wynikiem

Twoja historia wyników

Nie rozwiązałeś tego quizu